[Event "Unterfranken-ch M2 63th"]
[Site "Schweinfurt"]
[Date "2012.04.11"]
[Round "5"]
[White "Markert, Markus"]
[Black "Trice, Mark"]
[Result "0-1"]
[WhiteElo "1864"]
[BlackElo "1833"]
[PlyCount "59"]
[EventDate "2012.04.09"]
[EventType "swiss"]
[EventRounds "9"]
[EventCountry "GER"]
[SourceTitle "EXT 2015"]
[Source "ChessBase"]
[SourceDate "2014.11.20"]
[SourceVersion "1"]
[SourceVersionDate "2014.11.20"]
[SourceQuality "1"]

1. e4 d6 2. d4 Nf6 3. Nc3 g6 4. Bd3 Bg7 5. Nge2 0-0 6. Be3 c6 7. Qd2 Ng4 8. 0-0-0 Nxe3 9. Qxe3 Qb6 10. Bc4 Nd7 11. Bb3 e5 12. Na4 Qa5 13. h4 h5 14. g4 Nf6 15. gxh5 Nxh5 16. dxe5 dxe5 17. Rhg1 Kh7 18. Kb1 Bh6 19. Qf3 Be6 20. Bxe6 fxe6 21. Rd7+ Ng7 22. Rf7 Kg8 23. Rf6 Qxa4 24. Rgxg6 Qb4 25. Rxh6 Qe7 26. Ng3 Rad8 27. Kc1 Rxf6 28. Qxf6 Qd6 29. Qxg7+ Kxg7 30. Nf5+ 0-1

[Event "Regionalliga NW 1112"]
[Site "Bayern"]
[Date "2012.01.15"]
[Round "5.6"]
[White "Reichel, Alfred"]
[Black "Markert, Markus"]
[Result "1-0"]
[WhiteElo "2019"]
[BlackElo "1884"]
[PlyCount "21"]
[EventDate "2011.10.02"]
[EventType "team-tourn"]
[EventRounds "9"]
[EventCountry "GER"]
[SourceTitle "EXT 2013"]
[Source "ChessBase"]
[SourceDate "2012.11.22"]
[SourceVersion "1"]
[SourceVersionDate "2012.11.22"]
[SourceQuality "1"]
[WhiteTeam "Kirchenlaibach"]
[BlackTeam "Bad Neustadt"]
[WhiteTeamCountry "GER"]
[BlackTeamCountry "GER"]

1. e4 c5 2. Nf3 e6 3. d4 cxd4 4. Nxd4 Nc6 5. c4 Nf6 6. Nc3 Bb4 7. Nxc6 bxc6 8. Bd3 d5 9. cxd5 exd5 10. exd5 cxd5 11. Qa4+ 1-0

[Event "Unterfranken-ch M2 62th"]
[Site "Gerolzhofen"]
[Date "2011.04.30"]
[Round "9"]
[White "Simons, Joerg"]
[Black "Markert, Markus"]
[Result "1-0"]
[WhiteElo "1875"]
[BlackElo "1872"]
[PlyCount "87"]
[EventDate "2011.04.25"]
[EventType "swiss"]
[EventRounds "9"]
[EventCountry "GER"]
[SourceTitle "EXT 2015"]
[Source "ChessBase"]
[SourceDate "2014.11.20"]
[SourceVersion "1"]
[SourceVersionDate "2014.11.20"]
[SourceQuality "1"]

1. c4 d6 2. d4 g6 3. e4 Bg7 4. Ne2 e5 5. dxe5 dxe5 6. Qxd8+ Kxd8 7. Bg5+ f6 8. Be3 Be6 9. b3 f5 10. f3 fxe4 11. fxe4 Nf6 12. Nbc3 Nbd7 13. h3 c6 14. 0-0-0 h5 15. g3 Bh6 16. Bxh6 Rxh6 17. Kd2 g5 18. Bg2 g4 19. h4 Ke7 20. Ke3 Rh7 21. Rhf1 Rf7 22. Nc1 a6 23. Nd3 b5 24. Nd5+ cxd5 25. cxd5 Bxd5 26. exd5 Kd6 27. Nf2 Raf8 28. Rd2 b4 29. Rc1 Nc5 30. Nd3 e4 31. Nxc5 Nxd5+ 32. Kxe4 Re7+ 33. Kd4 Nb6 34. Nb7+ Kd7 35. Kc5+ Kc7 36. Kxb4+ Kb8 37. Na5 Re3 38. Nc6+ Kb7 39. Nd4+ Kb8 40. Ka5 Rf6 41. Nc6+ Kb7 42. Nb4+ Kb8 43. Nxa6+ Ka7 44. Rc7# 1-0